Central America and the Caribbean:crisis, people and NGO''S

Wedi'i Gadw mewn:
Manylion Llyfryddiaeth
Awdur Corfforaethol: Permanent Workshop for Concentration and Regional Alternatives
Awduron Eraill: Regional Committee of Emergency and Solidartiy (CRES)
Fformat: Trafodyn Cynhadledd
Iaith:Spanish
Cyhoeddwyd: México :
Tagiau: Ychwanegu Tag
Dim Tagiau, Byddwch y cyntaf i dagio'r cofnod hwn!

MARC

LEADER 00000 a2200000 04500
001 40299
003
008 991231s[198 mx spa d
040
020 |a [sin ISBN]  
090 |a 0001 C397c  
111 |a Permanent Workshop for Concentration and Regional Alternatives  
130 |a VI   |d June 1983   |c Belgrade   |a NCTAD United Nations Conference of Trade and Development  
245 |a Central America and the Caribbean:crisis, people and NGO''S  
260 |a México :  
300 |a 104 páginas  
700 |a Regional Committee of Emergency and Solidartiy (CRES)  
999 |c 10601  |d 10601